The challenge of Peace: (Record no. 5921)

MARC details
000 -LEADER
fixed length control field 00685nam a22002177a 4500
003 - CONTROL NUMBER IDENTIFIER
control field GBCCL
005 - DATE AND TIME OF LATEST TRANSACTION
control field 20241126110552.0
008 - FIXED-LENGTH DATA ELEMENTS--GENERAL INFORMATION
fixed length control field 180417b ||||| |||| 00| 0 eng d
020 ## - INTERNATIONAL STANDARD BOOK NUMBER
International Standard Book Number 1555868630
040 ## - CATALOGING SOURCE
Transcribing agency gbc
082 ## - DEWEY DECIMAL CLASSIFICATION NUMBER
Classification number 261.873
Item number CHA
111 ## -
-- National Conference of Catholic Bishops
-- May 3, 1983
-- 10719
245 ## - TITLE STATEMENT
Title The challenge of Peace:
Remainder of title God's promise and our response
246 ## -
-- A Pastoral letter on war and peace
250 ## - EDITION STATEMENT
Edition statement 10th Printing
260 ## - PUBLICATION, DISTRIBUTION, ETC.
Place of publication, distribution, etc. Washington:
Name of publisher, distributor, etc. United States Catholic Conference,
Date of publication, distribution, etc. 1983
300 ## - PHYSICAL DESCRIPTION
Extent 103 p.;
Dimensions 22 cm.
650 ## - SUBJECT ADDED ENTRY--TOPICAL TERM
Topical term or geographic name entry element Catholic Church
Form subdivision Doctrines
9 (RLIN) 10720
650 ## - SUBJECT ADDED ENTRY--TOPICAL TERM
Topical term or geographic name entry element Peace
Form subdivision Religious aspects
9 (RLIN) 10721
942 ## - ADDED ENTRY ELEMENTS (KOHA)
Source of classification or shelving scheme Dewey Decimal Classification
Koha item type Books
Koha issues (borrowed), all copies 1
Holdings
Withdrawn status Lost status Source of classification or shelving scheme Damaged status Not for loan Home library Current Library Shelving location Date acquired Total checkouts Full call number Barcode Date last seen Date last checked out Copy number Price effective from Koha item type
    Dewey Decimal Classification     GRACE BIBLE COLLEGE GRACE BIBLE COLLEGE Ministry & Mission 2018-04-17 1 261.873 CHA 006314 2025-05-01 2023-03-03 c.1 2018-04-17 Books
© Grace Bible College Library 2025